[Event "Croatian junior league 2021"]
[Site "Rabac"]
[Date "2021.04.09"]
[Round "8.1"]
[White "Karlusic, Luka"]
[Black "Levacic, Matej"]
[Result "0-1"]
[WhiteElo "2047"]
[BlackElo "2144"]
[Annotator "NA"]
[PlyCount "120"]
[EventDate "2021.04.06"]
[EventType "swiss"]
[EventCountry "CRO"]
[SourceTitle "playchess.com"]
[Source "ChessBase"]
[SourceQuality "1"]
[TimeControl "5400+30"]

1. d4 {[%emt 0:00:00]} Nf6 {[%emt 0:02:50]} 2. c4 {[%emt 0:00:00]} e6 {[%emt 0:00:16]} 3. Nc3 {[%emt 0:00:00]} Bb4 {[%emt 0:00:07]} 4. e3 {[%emt 0:00:00]} O-O {[%emt 0:00:13]} 5. Bd3 {[%emt 0:00:02]} d5 {[%emt 0:00:40]} 6. Nf3 {[%emt 0:00:07]} b6 {[%emt 0:02:32]} 7. cxd5 {[%emt 0:00:43]} exd5 {[%emt 0:00:18]} 8. O-O {[%emt 0:00:17]} Ba6 {[%emt 0:00:16]} 9. Bxa6 {[%emt 0:05:06]} Nxa6 {[%emt 0:00:08]} 10. Qa4 {[%emt 0:00:09]} Qc8 {[%emt 0:00:16]} 11. Ne5 {[%emt 0:01:20]} Bd6 {[%emt 0:02:43]} 12. f4 {[%emt 0:07:27]} c5 {[%emt 0:03:21]} 13. Nb5 {[%emt 0:04:00]} Be7 {[%emt 0:04:36]} 14. Bd2 {[%emt 0:09:18]} Ne4 {[%emt 0:01:20]} 15. Be1 {[%emt 0:01:35]} f6 {[%emt 0:08:50]} 16. Nd3 {[%emt 0:02:05]} Nc7 {[%emt 0:03:33]} 17. Nxc7 {[%emt 0:09:37]} Qxc7 {[%emt 0:00:09]} 18. Rc1 {[%emt 0:05:29]} Qb7 {[%emt 0:03:17]} 19. dxc5 {[%emt 0:11:00]} bxc5 {[%emt 0:02:14]} 20. b4 {[%emt 0:03:18]} c4 {[%emt 0:04:28]} 21. Nf2 {[%emt 0:00:45]} Nd6 {[%emt 0:02:06]} 22. Nd1 {[%emt 0:03:42]} Rfd8 {[%emt 0:08:08]} 23. a3 {[%emt 0:08:17]} Qb6 {[%emt 0:04:16]} 24. Bc3 {[%emt 0:02:37]} Nb5 {[%emt 0:03:40]} 25. Bb2 {[%emt 0:01:10]} a5 {[%emt 0:01:30]} 26. Qc2 {[%emt 0:02:19]} axb4 {[%emt 0:00:44]} 27. axb4 {[%emt 0:00:03]} Bxb4 {[%emt 0:01:02]} 28. Rf3 {[%emt 0:00:40]} Qe6 {[%emt 0:11:58]} 29. Rh3 {[%emt 0:03:01]} Qe4 {[%emt 0:01:14]} 30. Qxe4 {[%emt 0:00:27]} dxe4 {[%emt 0:00:07]} 31. Rh5 {[%emt 0:00:55]} Rab8 {[%emt 0:04:56]} 32. Nc3 {[%emt 0:00:59]} Bxc3 {[%emt 0:03:59]} 33. Bxc3 {[%emt 0:00:02]} Rd3 {[%emt 0:04:37]} 34. Bd4 {[%emt 0:00:11]} Nxd4 {[%emt 0:00:41]} 35. exd4 {[%emt 0:00:02]} Rxd4 {[%emt 0:02:47]} 36. Rc5 {[%emt 0:00:43]} e3 {[%emt 0:05:36]} 37. Kf1 {[%emt 0:00:08]} Rxf4+ {[%emt 0:00:12]} 38. Ke2 {[%emt 0:00:03]} Re8 {[%emt 0:01:05]} 39. Rf1 {[%emt 0:01:14]} Rxf1 {[%emt 0:00:27]} 40. Kxf1 {[%emt 0:00:01]} e2+ {[%emt 0:00:17]} 41. Ke1 {[%emt 0:00:02]} Re4 {[%emt 0:00:40]} 42. Rc7 {[%emt 0:00:02]} h6 {[%emt 0:01:14]} 43. h4 {[%emt 0:00:09]} h5 {[%emt 0:01:19]} 44. Rc5 {[%emt 0:00:18]} Kf7 {[%emt 0:00:10]} 45. Rxh5 {[%emt 0:00:09]} Ke6 {[%emt 0:00:58]} 46. Rh7 {[%emt 0:01:00]} g6 {[%emt 0:00:40]} 47. Rc7 {[%emt 0:00:35]} Kd5 {[%emt 0:00:19]} 48. g4 {[%emt 0:00:17]} Rxg4 {[%emt 0:00:19]} 49. h5 {[%emt 0:00:02]} gxh5 {[%emt 0:00:14]} 50. Kxe2 {[%emt 0:00:04]} h4 {[%emt 0:00:42]} 51. Ke3 {[%emt 0:00:27]} h3 {[%emt 0:00:39]} 52. Rh7 {[%emt 0:00:29]} Rg3+ {[%emt 0:00:09]} 53. Kd2 {[%emt 0:00:09]} f5 {[%emt 0:00:25]} 54. Rh4 {[%emt 0:00:16]} c3+ {[%emt 0:01:53]} 55. Kc2 {[%emt 0:00:03]} Ke5 {[%emt 0:00:14]} 56. Kd1 {[%emt 0:00:15]} f4 {[%emt 0:00:06]} 57. Rh8 {[%emt 0:00:17]} Ke4 {[%emt 0:00:16]} 58. Ke2 {[%emt 0:00:13]} Rg2+ {[%emt 0:00:18]} 59. Kf1 {[%emt 0:00:01]} c2 {[%emt 0:00:33]} 60. Rc8 {[%emt 0:00:06]} Rd2 {[%emt 0:00:23]} 0-1

[Event "Croatian junior league 2021"]
[Site "Rabac"]
[Date "2021.04.09"]
[Round "8.2"]
[White "Ljubicic, Mario"]
[Black "Novosel, Lovro"]
[Result "0-1"]
[WhiteElo "2036"]
[BlackElo "1997"]
[Annotator "NA"]
[PlyCount "162"]
[EventDate "2021.04.06"]
[EventType "swiss"]
[EventCountry "CRO"]
[SourceTitle "playchess.com"]
[Source "ChessBase"]
[SourceQuality "1"]
[TimeControl "5400+30"]

1. e4 {[%emt 0:01:09]} c5 {[%emt 0:00:00]} 2. Nf3 {[%emt 0:00:10]} d6 {[%emt 0:00:00]} 3. d4 {[%emt 0:00:05]} cxd4 {[%emt 0:00:19]} 4. Nxd4 {[%emt 0:00:04]} Nf6 {[%emt 0:00:12]} 5. Nc3 {[%emt 0:00:05]} a6 {[%emt 0:00:05]} 6. Be3 e5 {[%emt 0:00:17]} 7. Nb3 {[%emt 0:01:02]} Be6 {[%emt 0:00:24]} 8. f3 {[%emt 0:00:10]} Be7 {[%emt 0:00:37]} 9. Qd2 {[%emt 0:00:07]} O-O {[%emt 0:01:56]} 10. O-O-O {[%emt 0:00:52]} Nbd7 {[%emt 0:00:35]} 11. g4 {[%emt 0:00:10]} b5 {[%emt 0:00:50]} 12. Kb1 {[%emt 0:00:27]} b4 {[%emt 0:01:45]} 13. Nd5 {[%emt 0:04:06]} Bxd5 {[%emt 0:00:24]} 14. exd5 {[%emt 0:00:07]} Qc7 {[%emt 0:06:38]} 15. h4 {[%emt 0:02:55]} a5 {[%emt 0:02:14]} 16. h5 {[%emt 0:02:00]} Nb6 {[%emt 0:02:51]} 17. Bxb6 {[%emt 0:02:17]} Qxb6 {[%emt 0:00:09]} 18. g5 {[%emt 0:00:42]} Nd7 {[%emt 0:00:40]} 19. g6 {[%emt 0:01:18]} a4 {[%emt 0:00:49]} 20. Nc1 {[%emt 0:02:02]} Nc5 {[%emt 0:09:44]} 21. Bc4 {[%emt 0:04:38]} Bf6 {[%emt 0:05:44]} 22. Rdg1 {[%emt 0:05:24]} Ra7 {[%emt 0:03:38]} 23. h6 {[%emt 0:17:13]} fxg6 {[%emt 0:01:53]} 24. hxg7 {[%emt 0:00:29]} Rxg7 {[%emt 0:03:52]} 25. Rg2 {[%emt 0:14:17]} e4 {[%emt 0:12:37]} 26. f4 {[%emt 0:08:31]} a3 {[%emt 0:06:24]} 27. b3 {[%emt 0:07:23]} Re8 {[%emt 0:12:36]} 28. Qe3 {[%emt 0:05:49]} Qa7 {[%emt 0:06:41]} 29. Ne2 {[%emt 0:01:45]} Qe7 {[%emt 0:03:11]} 30. Rhg1 {[%emt 0:09:08]} Qd7 {[%emt 0:01:41]} 31. Qd2 {[%emt 0:03:25]} Qb7 {[%emt 0:01:56]} 32. Qe3 {[%emt 0:00:19]} Qc7 {[%emt 0:04:52]} 33. Rg3 {[%emt 0:04:52]} Na4 {[%emt 0:02:37]} 34. Bb5 {[%emt 0:01:04]} Rc8 {[%emt 0:00:07]} 35. Bc6 {[%emt 0:01:12]} Nc5 {[%emt 0:00:30]} 36. Qd2 {[%emt 0:00:51]} Rb8 {[%emt 0:02:13]} 37. Qe3 {[%emt 0:00:44]} Qf7 {[%emt 0:00:27]} 38. Nd4 {[%emt 0:01:14]} Bxd4 {[%emt 0:00:24]} 39. Qxd4 {[%emt 0:00:13]} Qxf4 {[%emt 0:00:08]} 40. Rg4 {[%emt 0:00:17]} Qf3 {[%emt 0:02:50]} 41. R4g3 {[%emt 0:00:43]} Qf7 {[%emt 0:00:34]} 42. R3g2 {[%emt 0:00:44]} Qe7 {[%emt 0:01:32]} 43. Rf2 {[%emt 0:00:51]} Rf7 {[%emt 0:00:23]} 44. Re2 {[%emt 0:00:20]} Qf6 {[%emt 0:00:20]} 45. Qxf6 {[%emt 0:00:35]} Rxf6 {[%emt 0:00:01]} 46. Kc1 {[%emt 0:00:11]} Rbf8 {[%emt 0:00:11]} 47. Kd2 {[%emt 0:00:18]} Rf2 {[%emt 0:00:20]} 48. Rge1 {[%emt 0:00:14]} Kg7 {[%emt 0:00:29]} 49. Bb5 {[%emt 0:00:55]} g5 {[%emt 0:01:23]} 50. c3 {[%emt 0:00:05]} Rxe2+ {[%emt 0:01:12]} 51. Rxe2 {[%emt 0:00:12]} bxc3+ {[%emt 0:00:22]} 52. Kxc3 {[%emt 0:00:03]} Rb8 {[%emt 0:03:15]} 53. Bc6 {[%emt 0:01:14]} Nd3 {[%emt 0:01:02]} 54. Rxe4 {[%emt 0:00:14]} Nc1 {[%emt 0:00:37]} 55. Re7+ {[%emt 0:01:24]} Kf6 {[%emt 0:00:21]} 56. Ra7 {[%emt 0:00:33]} Nxa2+ {[%emt 0:00:05]} 57. Kc2 {[%emt 0:00:22]} Nb4+ {[%emt 0:00:11]} 58. Kc3 {[%emt 0:00:15]} Nxc6 {[%emt 0:00:20]} 59. dxc6 {[%emt 0:00:02]} Rb6 {[%emt 0:00:12]} 60. c7 {[%emt 0:01:25]} Rc6+ {[%emt 0:00:08]} 61. Kd4 {[%emt 0:00:28]} a2 {[%emt 0:00:17]} 62. Kd5 {[%emt 0:00:20]} Rxc7 {[%emt 0:00:13]} 63. Rxa2 {[%emt 0:00:04]} Rb7 {[%emt 0:00:10]} 64. Rh2 {[%emt 0:01:19]} Rxb3 {[%emt 0:00:48]} 65. Kc4 {[%emt 0:00:19]} Re3 {[%emt 0:00:18]} 66. Kd4 {[%emt 0:00:09]} Re7 {[%emt 0:00:08]} 67. Rh6+ {[%emt 0:00:05]} Kf5 {[%emt 0:00:14]} 68. Rxd6 {[%emt 0:00:05]} h5 {[%emt 0:00:05]} 69. Kd3 {[%emt 0:00:11]} h4 {[%emt 0:00:17]} 70. Kd2 {[%emt 0:00:32]} g4 {[%emt 0:00:18]} 71. Rd5+ {[%emt 0:00:08]} Kf4 {[%emt 0:00:05]} 72. Rd4+ {[%emt 0:00:04]} Kf3 {[%emt 0:00:05]} 73. Rd3+ {[%emt 0:00:04]} Kf2 {[%emt 0:00:05]} 74. Rd4 {[%emt 0:00:03]} g3 {[%emt 0:00:14]} 75. Rf4+ {[%emt 0:00:22]} Kg1 {[%emt 0:00:06]} 76. Rxh4 {[%emt 0:00:02]} g2 {[%emt 0:00:04]} 77. Rh5 {[%emt 0:00:21]} Kf2 {[%emt 0:00:33]} 78. Rf5+ {[%emt 0:00:12]} Kg3 {[%emt 0:00:04]} 79. Rg5+ {[%emt 0:00:03]} Kf3 {[%emt 0:00:05]} 80. Rg6 {[%emt 0:01:08]} Re4 {[%emt 0:00:56]} 81. Kd3 {[%emt 0:02:50]} Rg4 {[%emt 0:00:11]} 0-1

[Event "Croatian junior league 2021"]
[Site "Rabac"]
[Date "2021.04.09"]
[Round "8.3"]
[White "Mrvac, Petar"]
[Black "Mijic, Karlo"]
[Result "1/2-1/2"]
[WhiteElo "1908"]
[BlackElo "1599"]
[Annotator "NA"]
[PlyCount "93"]
[EventDate "2021.04.06"]
[EventType "swiss"]
[EventCountry "CRO"]
[SourceTitle "playchess.com"]
[Source "ChessBase"]
[SourceQuality "1"]
[TimeControl "5400+30"]

1. e4 {[%emt 0:00:00]} e5 {[%emt 0:01:06]} 2. Nf3 {[%emt 0:00:00]} Nc6 {[%emt 0:00:05]} 3. d4 {[%emt 0:00:00]} exd4 {[%emt 0:00:01]} 4. Nxd4 {[%emt 0:00:00]} Nf6 {[%emt 0:00:03]} 5. Nxc6 {[%emt 0:00:05]} bxc6 {[%emt 0:00:04]} 6. Bd3 {[%emt 0:00:14]} d5 {[%emt 0:00:02]} 7. exd5 {[%emt 0:01:02]} cxd5 {[%emt 0:00:07]} 8. O-O {[%emt 0:00:42]} Be7 {[%emt 0:00:59]} 9. Bg5 {[%emt 0:02:07]} O-O {[%emt 0:00:56]} 10. Nc3 {[%emt 0:01:47]} h6 {[%emt 0:00:14]} 11. Bh4 {[%emt 0:00:20]} c6 {[%emt 0:01:04]} 12. h3 {[%emt 0:01:00]} Qb6 {[%emt 0:02:15]} 13. Rb1 {[%emt 0:02:45]} Be6 {[%emt 0:03:04]} 14. Ne2 {[%emt 0:02:24]} Qb4 {[%emt 0:07:37]} 15. Bg3 {[%emt 0:02:44]} Ne4 {[%emt 0:00:29]} 16. a3 {[%emt 0:03:33]} Qa4 {[%emt 0:00:55]} 17. Bxe4 {[%emt 0:02:01]} Qxe4 {[%emt 0:03:06]} 18. Re1 {[%emt 0:03:58]} Bc5 {[%emt 0:05:33]} 19. Nf4 {[%emt 0:10:07]} Qf5 {[%emt 0:00:20]} 20. Nd3 {[%emt 0:04:21]} Bb6 {[%emt 0:03:25]} 21. b4 {[%emt 0:02:37]} Qg5 {[%emt 0:02:23]} 22. Bf4 {[%emt 0:07:21]} Qg6 {[%emt 0:04:45]} 23. Qf3 {[%emt 0:04:48]} Bf5 {[%emt 0:05:47]} 24. Ne5 {[%emt 0:11:23]} Qf6 {[%emt 0:03:28]} 25. Rbc1 {[%emt 0:00:31]} Be4 {[%emt 0:00:29]} 26. Qg3 {[%emt 0:01:56]} Rad8 {[%emt 0:05:13]} 27. Ng4 {[%emt 0:04:11]} Qg6 {[%emt 0:01:11]} 28. c3 {[%emt 0:01:54]} Kh7 {[%emt 0:03:49]} 29. Kh2 {[%emt 0:04:09]} f5 {[%emt 0:01:40]} 30. Ne5 {[%emt 0:09:53]} Qxg3+ {[%emt 0:00:06]} 31. fxg3 {[%emt 0:00:15]} Rf6 {[%emt 0:03:20]} 32. Rcd1 {[%emt 0:02:52]} Re6 {[%emt 0:04:50]} 33. Nf3 {[%emt 0:00:56]} c5 {[%emt 0:01:08]} 34. h4 {[%emt 0:03:04]} Rc8 {[%emt 0:00:51]} 35. Be3 {[%emt 0:01:14]} cxb4 {[%emt 0:00:39]} 36. Bxb6 {[%emt 0:00:33]} Rxb6 {[%emt 0:00:13]} 37. cxb4 {[%emt 0:00:27]} Rc3 {[%emt 0:00:07]} 38. Nd2 {[%emt 0:01:56]} Rxa3 {[%emt 0:00:37]} 39. Nxe4 {[%emt 0:00:07]} fxe4 {[%emt 0:01:48]} 40. Rxd5 {[%emt 0:00:10]} Rxb4 {[%emt 0:00:03]} 41. Rd7 {[%emt 0:00:40]} a5 {[%emt 0:10:44]} 42. Re7 {[%emt 0:00:34]} e3 {[%emt 0:00:05]} 43. R1xe3 {[%emt 0:02:32]} Rxe3 {[%emt 0:00:08]} 44. Rxe3 {[%emt 0:00:05]} a4 {[%emt 0:00:01]} 45. Re8 {[%emt 0:00:39]} a3 {[%emt 0:01:36]} 46. Ra8 {[%emt 0:00:12]} Rb3 {[%emt 0:00:00]} 47. h5 {[%emt 0:00:13]} 1/2-1/2

[Event "Croatian junior league 2021"]
[Site "Rabac"]
[Date "2021.04.09"]
[Round "8.4"]
[White "Bedic, Noemi"]
[Black "Moric, Ivan"]
[Result "1/2-1/2"]
[WhiteElo "1587"]
[BlackElo "1907"]
[Annotator "NA"]
[PlyCount "97"]
[EventDate "2021.04.06"]
[EventType "swiss"]
[EventCountry "CRO"]
[SourceTitle "playchess.com"]
[Source "ChessBase"]
[SourceQuality "1"]
[TimeControl "5400+30"]

1. e4 {[%emt 0:02:08]} c5 {[%emt 0:00:00]} 2. Nc3 {[%emt 0:00:24]} d6 {[%emt 0:00:00]} 3. f4 {[%emt 0:00:28]} Nf6 {[%emt 0:00:12]} 4. Nf3 {[%emt 0:00:29]} a6 {[%emt 0:00:21]} 5. a4 {[%emt 0:00:08]} e6 {[%emt 0:01:29]} 6. d3 {[%emt 0:02:46]} Be7 {[%emt 0:00:24]} 7. g3 {[%emt 0:00:54]} b6 {[%emt 0:00:46]} 8. Bg2 {[%emt 0:00:13]} Bb7 {[%emt 0:00:10]} 9. O-O {[%emt 0:00:08]} O-O {[%emt 0:00:06]} 10. h3 {[%emt 0:02:18]} Nc6 {[%emt 0:01:55]} 11. g4 {[%emt 0:05:56]} Na5 {[%emt 0:07:10]} 12. b3 {[%emt 0:07:22]} d5 {[%emt 0:11:42]} 13. e5 {[%emt 0:00:09]} Nd7 {[%emt 0:00:30]} 14. d4 {[%emt 0:05:14]} cxd4 {[%emt 0:01:52]} 15. Nxd4 {[%emt 0:01:11]} Rc8 {[%emt 0:02:04]} 16. Nce2 {[%emt 0:02:28]} Qc7 {[%emt 0:06:54]} 17. c3 {[%emt 0:08:11]} Nc6 {[%emt 0:06:28]} 18. Ra2 {[%emt 0:07:52]} Nc5 {[%emt 0:01:54]} 19. Rc2 {[%emt 0:07:00]} Ne4 {[%emt 0:05:06]} 20. Nxc6 {[%emt 0:07:15]} Qxc6 {[%emt 0:00:25]} 21. Nd4 {[%emt 0:04:08]} Bc5 {[%emt 0:19:43]} 22. Be3 {[%emt 0:00:54]} Qc7 {[%emt 0:01:24]} 23. Qe1 {[%emt 0:08:45]} Bxd4 {[%emt 0:07:19]} 24. Bxd4 {[%emt 0:00:08]} a5 {[%emt 0:01:55]} 25. Bxe4 {[%emt 0:02:10]} dxe4 {[%emt 0:00:10]} 26. Qe3 {[%emt 0:00:02]} Rfd8 {[%emt 0:05:43]} 27. Bxb6 {[%emt 0:07:32]} Rd3 {[%emt 0:00:11]} 28. Bxc7 {[%emt 0:00:21]} Rxe3 {[%emt 0:00:15]} 29. Bxa5 {[%emt 0:00:05]} Rxh3 {[%emt 0:02:15]} 30. Kg2 {[%emt 0:05:55]} Rd3 {[%emt 0:00:29]} 31. Kf2 {[%emt 0:04:41]} Bd5 {[%emt 0:00:48]} 32. Rb2 {[%emt 0:01:36]} Rb8 {[%emt 0:00:21]} 33. Rfb1 {[%emt 0:02:15]} e3+ {[%emt 0:02:06]} 34. Ke2 {[%emt 0:00:29]} Rd2+ {[%emt 0:00:40]} 35. Rxd2 {[%emt 0:00:14]} exd2 {[%emt 0:00:04]} 36. Kxd2 {[%emt 0:00:06]} Rxb3 {[%emt 0:00:13]} 37. Rxb3 {[%emt 0:02:07]} Bxb3 {[%emt 0:00:04]} 38. Kd3 {[%emt 0:00:17]} Bxa4 {[%emt 0:03:38]} 39. Kc4 {[%emt 0:01:39]} Kf8 {[%emt 0:00:36]} 40. Kc5 {[%emt 0:00:05]} Ke7 {[%emt 0:00:37]} 41. c4 {[%emt 0:01:35]} Kd7 {[%emt 0:00:45]} 42. Kb6 {[%emt 0:00:18]} f6 {[%emt 0:03:58]} 43. Bc3 {[%emt 0:01:32]} f5 {[%emt 0:02:58]} 44. gxf5 {[%emt 0:00:41]} exf5 {[%emt 0:00:08]} 45. e6+ {[%emt 0:01:04]} Kxe6 {[%emt 0:00:06]} 46. Bxg7 {[%emt 0:00:04]} h5 {[%emt 0:00:45]} 47. Bd4 {[%emt 0:00:22]} h4 {[%emt 0:01:11]} 48. Bg1 {[%emt 0:00:37]} h3 {[%emt 0:00:06]} 49. Kc5 {[%emt 0:00:24]} 1/2-1/2

[Event "Croatian junior league 2021"]
[Site "Rabac"]
[Date "2021.04.09"]
[Round "8.5"]
[White "Damjanovic, Stjepan"]
[Black "Vucenovic, Damian"]
[Result "0-1"]
[WhiteElo "1890"]
[BlackElo "2008"]
[Annotator "NA"]
[PlyCount "78"]
[EventDate "2021.04.06"]
[EventType "swiss"]
[EventCountry "CRO"]
[SourceTitle "playchess.com"]
[Source "ChessBase"]
[SourceQuality "1"]
[TimeControl "5400+30"]

1. e4 {[%emt 0:00:00]} e5 {[%emt 0:00:00]} 2. Nf3 {[%emt 0:00:00]} Nc6 {[%emt 0:00:10]} 3. Bc4 {[%emt 0:00:14]} Bc5 {[%emt 0:00:31]} 4. c3 {[%emt 0:00:17]} Nf6 {[%emt 0:00:49]} 5. d3 {[%emt 0:00:50]} d6 {[%emt 0:00:52]} 6. O-O {[%emt 0:00:16]} Bb6 {[%emt 0:00:38]} 7. Nbd2 {[%emt 0:00:44]} O-O {[%emt 0:01:49]} 8. h3 {[%emt 0:00:23]} Ne7 {[%emt 0:01:24]} 9. Re1 {[%emt 0:01:57]} Ng6 {[%emt 0:01:55]} 10. Nf1 {[%emt 0:00:39]} c6 {[%emt 0:02:23]} 11. Bb3 {[%emt 0:01:43]} Nh5 {[%emt 0:05:07]} 12. d4 {[%emt 0:09:24]} Qc7 {[%emt 0:04:46]} 13. Be3 {[%emt 0:10:23]} Nhf4 {[%emt 0:03:54]} 14. Ng3 {[%emt 0:01:57]} Kh8 {[%emt 0:06:57]} 15. Qc2 {[%emt 0:08:32]} Be6 {[%emt 0:07:21]} 16. Nf5 {[%emt 0:09:49]} Rae8 {[%emt 0:07:53]} 17. Rad1 {[%emt 0:03:06]} Ne7 {[%emt 0:07:27]} 18. Bxf4 {[%emt 0:27:14]} exf4 {[%emt 0:05:07]} 19. Ng5 {[%emt 0:00:57]} Nxf5 {[%emt 0:03:52]} 20. Bxe6 {[%emt 0:03:54]} Nxd4 {[%emt 0:14:35]} 21. Rxd4 {[%emt 0:07:04]} Bxd4 {[%emt 0:03:17]} 22. Nxf7+ {[%emt 0:00:38]} Rxf7 {[%emt 0:00:24]} 23. Bxf7 {[%emt 0:00:09]} Bxf2+ {[%emt 0:00:23]} 24. Qxf2 {[%emt 0:00:06]} Qxf7 {[%emt 0:00:06]} 25. Qxa7 {[%emt 0:00:19]} h6 {[%emt 0:02:39]} 26. b3 {[%emt 0:00:53]} Qg6 {[%emt 0:02:23]} 27. Qd4 {[%emt 0:03:55]} f3 {[%emt 0:03:28]} 28. Qf2 {[%emt 0:01:57]} fxg2 {[%emt 0:00:45]} 29. Qxg2 {[%emt 0:00:28]} Qf6 {[%emt 0:00:23]} 30. Re3 {[%emt 0:05:16]} Re5 {[%emt 0:01:14]} 31. Qf3 {[%emt 0:00:42]} Rg5+ {[%emt 0:01:17]} 32. Kf2 {[%emt 0:00:34]} Qe5 {[%emt 0:00:42]} 33. Ke2 {[%emt 0:01:35]} Qh2+ {[%emt 0:00:37]} 34. Kd3 {[%emt 0:00:01]} Qxa2 {[%emt 0:03:50]} 35. h4 {[%emt 0:01:00]} Rg6 {[%emt 0:00:29]} 36. Qf8+ {[%emt 0:00:16]} Kh7 {[%emt 0:00:11]} 37. Qf5 {[%emt 0:00:04]} Qxb3 {[%emt 0:07:09]} 38. h5 {[%emt 0:01:05]} Qd1+ {[%emt 0:00:08]} 39. Kc4 {[%emt 0:00:05]} b5+ {[%emt 0:00:05]} 0-1

[Event "Croatian junior league 2021"]
[Site "Rabac"]
[Date "2021.04.09"]
[Round "8.6"]
[White "Sagovac, Kristijan"]
[Black "Mandaric, Fran"]
[Result "1/2-1/2"]
[WhiteElo "1920"]
[BlackElo "1684"]
[Annotator "NA"]
[PlyCount "91"]
[EventDate "2021.04.06"]
[EventType "swiss"]
[EventCountry "CRO"]
[SourceTitle "playchess.com"]
[Source "ChessBase"]
[SourceQuality "1"]
[TimeControl "5400+30"]

1. e4 {[%emt 0:00:00]} c5 {[%emt 0:00:00]} 2. Nf3 {[%emt 0:00:00]} Nc6 {[%emt 0:00:00]} 3. d4 {[%emt 0:00:00]} cxd4 {[%emt 0:00:04]} 4. Nxd4 {[%emt 0:00:00]} g6 {[%emt 0:00:04]} 5. Be3 {[%emt 0:00:04]} Bg7 {[%emt 0:00:09]} 6. Nc3 {[%emt 0:00:59]} d6 {[%emt 0:00:23]} 7. Qd2 {[%emt 0:00:34]} Nf6 {[%emt 0:00:07]} 8. f3 {[%emt 0:00:11]} O-O {[%emt 0:00:19]} 9. O-O-O {[%emt 0:01:07]} a6 {[%emt 0:18:55]} 10. g4 {[%emt 0:02:10]} Nxd4 {[%emt 0:04:04]} 11. Bxd4 {[%emt 0:00:15]} b5 {[%emt 0:00:52]} 12. h4 {[%emt 0:03:33]} Qa5 {[%emt 0:04:24]} 13. Kb1 {[%emt 0:03:04]} Be6 {[%emt 0:02:50]} 14. Nd5 {[%emt 0:04:54]} Qxd2 {[%emt 0:00:59]} 15. Nxe7+ {[%emt 0:00:41]} Kh8 {[%emt 0:00:10]} 16. Rxd2 {[%emt 0:00:01]} Rfe8 {[%emt 0:03:03]} 17. Nc6 {[%emt 0:03:32]} d5 {[%emt 0:14:40]} 18. h5 {[%emt 0:04:46]} Nd7 {[%emt 0:11:32]} 19. hxg6 {[%emt 0:16:04]} fxg6 {[%emt 0:00:16]} 20. Rdh2 {[%emt 0:04:18]} Bg8 {[%emt 0:04:25]} 21. Bd3 {[%emt 0:02:10]} Bxd4 {[%emt 0:01:47]} 22. Nxd4 {[%emt 0:01:17]} Nc5 {[%emt 0:01:52]} 23. exd5 {[%emt 0:01:51]} Nxd3 {[%emt 0:00:10]} 24. cxd3 {[%emt 0:00:38]} Rad8 {[%emt 0:01:01]} 25. Ne6 {[%emt 0:00:46]} Rd7 {[%emt 0:01:23]} 26. f4 {[%emt 0:11:12]} Bxe6 {[%emt 0:03:57]} 27. dxe6 {[%emt 0:00:38]} Rxe6 {[%emt 0:00:03]} 28. Kc2 {[%emt 0:02:26]} Re3 {[%emt 0:01:34]} 29. Rh6 {[%emt 0:09:33]} Kg8 {[%emt 0:06:53]} 30. f5 {[%emt 0:00:48]} gxf5 {[%emt 0:00:51]} 31. gxf5 {[%emt 0:00:44]} Rexd3 {[%emt 0:00:56]} 32. Rxh7 {[%emt 0:03:34]} Rd2+ {[%emt 0:01:58]} 33. Kc1 {[%emt 0:00:34]} Rxh7 {[%emt 0:01:11]} 34. Rxh7 {[%emt 0:05:54]} Rxb2 {[%emt 0:00:11]} 35. Kxb2 {[%emt 0:01:02]} Kxh7 {[%emt 0:00:08]} 36. Kc3 {[%emt 0:00:52]} Kg7 {[%emt 0:02:35]} 37. Kb4 {[%emt 0:00:07]} Kf6 {[%emt 0:00:04]} 38. Ka5 {[%emt 0:00:07]} Kxf5 {[%emt 0:00:05]} 39. a3 {[%emt 0:01:20]} Ke6 {[%emt 0:00:20]} 40. Kxa6 {[%emt 0:00:04]} Kd7 {[%emt 0:00:18]} 41. Kb7 {[%emt 0:00:11]} Kd8 {[%emt 0:00:19]} 42. Kb8 {[%emt 0:00:25]} Kd7 {[%emt 0:00:10]} 43. Kb7 {[%emt 0:00:02]} Kd8 {[%emt 0:00:04]} 44. Kb6 {[%emt 0:00:28]} Kc8 {[%emt 0:00:17]} 45. Kxb5 {[%emt 0:00:04]} Kb7 {[%emt 0:00:11]} 46. a4 {[%emt 0:00:03]} 1/2-1/2

[Event "Croatian junior league 2021"]
[Site "Rabac"]
[Date "2021.04.09"]
[Round "8.7"]
[White "Juric, Ester"]
[Black "Dumancic, Simun"]
[Result "0-1"]
[WhiteElo "1587"]
[BlackElo "1883"]
[Annotator "NA"]
[PlyCount "66"]
[EventDate "2021.04.06"]
[EventType "swiss"]
[EventCountry "CRO"]
[SourceTitle "playchess.com"]
[Source "ChessBase"]
[SourceQuality "1"]
[TimeControl "5400+30"]

1. d4 {[%emt 0:00:00]} Nf6 {[%emt 0:00:00]} 2. c4 {[%emt 0:00:00]} g6 {[%emt 0:00:00]} 3. Nc3 {[%emt 0:00:00]} d5 4. e3 {[%emt 0:00:07]} Bg7 {[%emt 0:00:35]} 5. cxd5 {[%emt 0:00:18]} Nxd5 {[%emt 0:00:21]} 6. Nxd5 {[%emt 0:00:18]} Qxd5 {[%emt 0:00:18]} 7. Ne2 O-O {[%emt 0:04:53]} 8. Nc3 {[%emt 0:01:01]} Qd8 {[%emt 0:00:33]} 9. Be2 {[%emt 0:01:02]} c5 {[%emt 0:03:49]} 10. d5 {[%emt 0:07:11]} e6 {[%emt 0:04:37]} 11. dxe6 {[%emt 0:03:07]} Qxd1+ {[%emt 0:00:49]} 12. Bxd1 {[%emt 0:00:23]} Bxe6 {[%emt 0:00:17]} 13. O-O {[%emt 0:00:42]} Nc6 {[%emt 0:03:08]} 14. Ne4 {[%emt 0:02:12]} b6 {[%emt 0:02:49]} 15. Ba4 {[%emt 0:03:49]} Nb4 {[%emt 0:04:45]} 16. a3 {[%emt 0:06:24]} Nd3 {[%emt 0:00:51]} 17. Nc3 {[%emt 0:00:28]} Rfd8 {[%emt 0:12:42]} 18. Bc2 {[%emt 0:09:21]} c4 {[%emt 0:06:13]} 19. Bxd3 {[%emt 0:07:14]} Rxd3 {[%emt 0:03:00]} 20. Ne4 {[%emt 0:02:34]} Rad8 {[%emt 0:03:12]} 21. h3 {[%emt 0:03:05]} Bc8 {[%emt 0:08:08]} 22. Rb1 {[%emt 0:04:51]} Bb7 {[%emt 0:03:22]} 23. Ng3 {[%emt 0:03:57]} Rb3 {[%emt 0:01:58]} 24. Ne2 {[%emt 0:04:25]} Be4 {[%emt 0:03:41]} 25. Ra1 {[%emt 0:00:12]} Bxb2 {[%emt 0:05:01]} 26. Bxb2 {[%emt 0:00:03]} Rxb2 {[%emt 0:00:02]} 27. Nc3 {[%emt 0:00:07]} Bc6 {[%emt 0:02:26]} 28. Rfc1 {[%emt 0:01:33]} Rdd2 {[%emt 0:03:03]} 29. Nd1 {[%emt 0:01:13]} Rbc2 {[%emt 0:00:11]} 30. Rab1 {[%emt 0:01:23]} Ba4 {[%emt 0:02:51]} 31. Nc3 {[%emt 0:00:07]} Bb3 {[%emt 0:00:32]} 32. Ne4 {[%emt 0:00:27]} Rxc1+ {[%emt 0:00:38]} 33. Rxc1 {[%emt 0:00:03]} Ra2 {[%emt 0:00:13]} 0-1